| 000 | 00000nam##2200000za#4500 |
| 001 | 9.643026 |
| 003 | CaOODSP |
| 005 | 20210624223959 |
| 007 | cr ||||||||||| |
| 008 | 150407|2003||||xxc|||||o f|0| 0 fre|d |
| 040 | |aCaOODSP|bfre |
| 043 | |an-cn--- |
| 086 | 1 |aEn84-107/2003F-PDF |
| 110 | 1 |aCanada. |bEnvironnement Canada. |
| 245 | 13|aLe Plan d'action du bassin de Georgia : |h[ressource électronique]|bpoints saillants 2003-2008 |
| 260 | |aOttawa - Ontario : |bEnvironnement Canada |c[2003]. |
| 300 | |a20p.|bcarte, photographies |
| 590 | |a14-08-Supp|b2014-04-10 |
| 691 | 07|aAire marine de conservation|2gcpds |
| 691 | 07|aProtection de l'environnement|2gcpds |
| 775 | 08|tThe Georgia Basin Action Plan : |w(CaOODSP)9.698951 |
| 856 | 40|ahttp://publications.gc.ca|qPDF|s901 Ko|uhttps://publications.gc.ca/collections/collection_2014/ec/En84-107-2003-fra.pdf |